banner koha

Flora das cangas da Serra dos Carajás, Pará, Brasil: Rhizophoraceae (Registro n. 331792)

MARC details
000 -LÍDER
fixed length control field 01827nab a2200253 i 4500
003 - CÓDIGO MARC DA AGÊNCIA CATALOGADORA
Campo de controle BR-BrBNA
005 - DATA E HORA DA ÚLTIMA ATUALIZAÇÃO
Campo de controle 20250529105706.0
008 - CAMPO DE TAMANHO FIXO
fixed length control field 250529b2018 bl.qr|pooa||| 00| 0 por |
040 ## - FONTE DA CATALOGAÇÃO
Agência catalogadora BR-BrBNA
Idioma da catalogação por
072 ## - CATEGORIA AGRIS
Código AGRIS F70
100 ## - ENTRADA PRINCIPAL - NOME PESSOAL
Nome pessoal Costa-Lima, James Lucas da
245 ## - TÍTULO PRINCIPAL
Título principal Flora das cangas da Serra dos Carajás, Pará, Brasil: Rhizophoraceae
500 ## - NOTA GERAL
Nota geral Publicação on-line; 5 ref.; 1 illus.; Summaries (En, Pt)
942 ## - ADDED ENTRY ELEMENTS (KOHA)
Koha item type Analítica
520 ## - NOTA DE RESUMO
Nota de conteúdo <br/><br/>Resumo<br/><br/>É apresentado o tratamento florístico de Rhizophoraceae para as formações de canga da Serra dos Carajás,<br/>no estado do Pará, Brasil, com descrição morfológica, comentários sobre distribuição geográfica e habitats<br/>preferenciais, bem como ilustração de Cassipourea peruviana, a única espécie da família registrada na área.<br/><br/>Palavras-chave: Amazônia, canga, Cassipourea, Floresta Nacional de Carajás, Malpighiales.<br/><br/><br/><br/><br/>Abstract<br/><br/>The floristic treatment of Rhizophoraceae from the canga formations of the Serra dos Carajás, in Pará<br/>state, Brazil, is presented and includes morphological descriptions, comments on geographic distribution<br/>and preferential habitats, as well as illustrations of Cassipourea peruviana, the only registered species of<br/>Rhizophoraceae in the area.<br/><br/>Key words: Amazonia, canga vegetation, Cassipourea, Carajás National Forest, Malpighiales.
650 ## - ASSUNTO - THESAGRO
Cabeçalho tópico ou nome geográfico AMAZÔNIA
650 ## - ASSUNTO - THESAGRO
Cabeçalho tópico ou nome geográfico CARAJÁS
650 ## - ASSUNTO - THESAGRO
Cabeçalho tópico ou nome geográfico FLORESTA
650 ## - ASSUNTO - THESAGRO
Cabeçalho tópico ou nome geográfico COMPOSIÇÃO BOTÂNICA
650 ## - ASSUNTO - THESAGRO
Cabeçalho tópico ou nome geográfico TAXONOMIA
773 0# - ENTRADA ANALÍTICA
Host Biblionumber 709
Registro do item 350699
Imprenta Rio de Janeiro-RJ Jardim Botanico do Rio de Janeiro 1935
Outro identificador 2025-3324
Título Rodriguésia (Brazil)
ISSN 0370-6583; 2175-7860 on-line
Colação v. 69(1) p. 205-207; (2018)
Número de controle de registro BR2025001302
856 ## - ACESSO E ENDEREÇO ELETRÔNICO
Identificador uniforme de recurso - URI https://www.scielo.br/j/rod/a/Gx8LnRbgCdLZ5dS5FjtRQMv/?format=pdf&lang=pt

Nenhum exemplar disponível.

BINAGRI

Telefone: (61)3218-2567/2388/3357/2097 - binagri@agro.gov.br

Ministério da Agricultura e Pecuária , Esplanada dos Ministérios, Bloco D, Anexo B, Brasília/DF, CEP: 70.043-900